000 01603nam a2200457 c 4500
999 _c50926
_d50926
001 50926
003 ES-MaCES
005 20180920105608.0
008 180919s2015 ne | 00| ||eng
020 _a9780444537645 (V. 1A)
020 _a9780444537683 (V. 1B)
040 _aES-MaCES
_bspa
_cES-MaCES
245 0 0 _aHandbook of the economics of international migration
_cedited by Barry R. Chiswick, Paul W. Miller
260 _aAmsterdam [etc.]
_bNorth-Holland
_c[2015]
300 _a2 v. (XIX, 1658 p.)
_bgráf. bl. y n.
_c24 cm
500 _aNorth-Holland is an imprint of Elsevier
500 _aÍndices
504 _aBibliografía
505 0 _aV. 1A, The Immigrants -- V. 1B, The Impact and regional studies
541 _cCompra
650 4 _amigración internacional
_929805
650 4 _ainmigración
_928632
650 4 _ainmigrante
_928631
650 4 _aevaluación del impacto
_930732
650 4 _aconsecuencias económicas
_927082
650 4 _acrecimiento económico
_927094
650 4 _aglobalización económica
_930653
650 4 _adistribución del ingreso
_927109
650 4 _amercado de trabajo
_928292
650 4 _atrabajador migrante
_928408
650 4 _aintegración social
_927283
650 4 _anivel regional
_930617
650 4 _aestudio de casos
_928846
653 1 0 _aCiencias Sociales-Políticas
700 1 _99588
_aChiswick, Barry R.
_eed. lit.
700 1 _918642
_aMiller, Paul W.
_eed. lit.
740 0 2 _aV. 1A, The Immigrants
740 0 2 _aV. 1B, The Impact and regional studies
902 _aLIB Libro
942 _2CES
_cBK
_h7.0.